00928 a2200217 4500001000700000020001800007040003200025100001500057245003900072250001300111260001300124300004600137362000900183490004200192520039000234650002600624650001400650650002100664650001600685650000900701123772 a9780679873037 cEscola Canadense de Niteroi aRabe, Tish10aOn beyond bugs!: all about insects a1st. ed. aNew York a48 p.c5 x 0.32 x 9.31 inches (hardcover)0 a19990 aThe Cat in the Hat's Learning Library aFind out all you ever wanted to know about insects when the Cat and company get an up-close view of life as a bug. Kids will learn how insects -- from the spittlebug to the honeybee to the moth -- see, smell, communicate, and pollinate, as well as sometimes pester and amaze and generally make life better for us humans. Catch the bug buzz with the Cat in the Hat and all his friends!  4aChildren's Literature 4aHoneybee  4aBugs and Insects 4aNon-Fiction 4aBees